[Event "XV Open"]
[Site "Crema ITA"]
[Date "2013.09.01"]
[Round "5"]
[White "Adami, Antonio"]
[Black "Frugoni, Giulio"]
[WhiteElo "1754"]
[BlackElo "1599"]
[Result "1-0"]
[PlyCount "79"]
[EventDate "2013.08.30"]

1. e4 c5 2. Nc3 d6 3. d3 e6 4. g3 Nf6 5. Bg2 Nc6 6. Be3 a6 7. h3 Be7 8. Nge2
O-O 9. O-O Qc7 10. Nf4 Rd8 11. a3 Rb8 12. Nh5 Nd4 13. Rc1 b5 14. Bxd4 cxd4 15.
Nxf6+ Bxf6 16. Ne2 Bg5 17. f4 Bf6 18. g4 e5 19. g5 Be7 20. Qd2 f6 21. Ng3 g6
22. gxf6 Bxf6 23. f5 Qg7 24. Rf3 Kf7 25. fxg6+ hxg6 26. Rcf1 Rh8 27. Rxf6+ Qxf6
28. Rxf6+ Kxf6 29. Qb4 Ke7 30. Qd2 Bxh3 31. Qg5+ Kf7 32. Bxh3 Rxh3 33. Qg4 Rbh8
34. Qd7+ Kg8 35. Qe6+ Kg7 36. Qe7+ Kg8 37. Qg5 Kg7 38. Nf5+ Kh7 39. Qe7+ Kg8
40. Qg7# 1-0

[Event "XV Open"]
[Site "Crema ITA"]
[Date "2013.09.01"]
[Round "5"]
[White "Bini, Massimo"]
[Black "Acunzo, Domenico"]
[WhiteElo "2036"]
[BlackElo "1723"]
[Result "1-0"]
[PlyCount "55"]
[EventDate "2013.08.30"]

1. d4 e6 2. Bf4 f5 3. Nf3 Nf6 4. e3 d5 5. c4 c6 6. Nc3 Bd6 7. Qc2 Bxf4 8. exf4
Qd6 9. g3 Ne4 10. c5 Qe7 11. Ne5 Nxc3 12. Qxc3 Nd7 13. Nxd7 Bxd7 14. b4 a6 15.
Be2 O-O 16. O-O Rf6 17. a4 Rff8 18. Rfb1 Rfb8 19. b5 axb5 20. axb5 cxb5 21.
Bxb5 Bxb5 22. Rxb5 Qd7 23. Rab1 Qc8 24. Qb4 Ra7 25. Rb6 Kf7 26. c6 Ra2 27.
Rxb7+ Rxb7 28. Qxb7+ 1-0

[Event "XV Open"]
[Site "Crema ITA"]
[Date "2013.09.01"]
[Round "5"]
[White "Blengino, Cristiano"]
[Black "Motola, Jacopo"]
[WhiteElo "1911"]
[BlackElo "2039"]
[Result "1/2-1/2"]
[PlyCount "73"]
[EventDate "2013.08.30"]

1. d4 f5 2. c4 Nf6 3. g3 e6 4. Bg2 d5 5. Nh3 c6 6. O-O Be7 7. Qc2 O-O 8. Nd2
Bd7 9. b3 Be8 10. Nf4 Bf7 11. Nf3 Nfd7 12. Nd3 Bf6 13. Ba3 Re8 14. Nfe5 Nxe5
15. dxe5 Be7 16. Bxe7 Rxe7 17. c5 Nd7 18. b4 Qc7 19. Qb2 b6 20. Qc3 bxc5 21.
bxc5 Rb8 22. Rfb1 Ree8 23. Rb3 a5 24. Rab1 Qa7 25. Bf1 Rxb3 26. Rxb3 Rb8 27.
Kg2 Be8 28. e3 Rxb3 29. axb3 Bh5 30. h3 h6 31. f3 Kh8 32. Be2 Kg8 33. Kf2 Kf8
34. Nf4 Bf7 35. Nd3 g5 36. f4 Ke7 37. Bd1 1/2-1/2

[Event "XV Open"]
[Site "Crema ITA"]
[Date "2013.09.01"]
[Round "5"]
[White "Borboni, Paolo"]
[Black "Sperli', Maurizio"]
[WhiteElo "1729"]
[BlackElo "1511"]
[Result "1/2-1/2"]
[PlyCount "122"]
[EventDate "2013.08.30"]

1. d4 g6 2. c4 Bg7 3. Nc3 d6 4. e4 Nd7 5. Be3 e5 6. d5 a6 7. Bd3 Ne7 8. Qd2 O-O
9. Bh6 Nc5 10. Bc2 f5 11. Bxg7 Kxg7 12. b4 Nxe4 13. Nxe4 fxe4 14. Bxe4 Bf5 15.
f3 Qd7 16. h4 Bxe4 17. fxe4 Qg4 18. Qe2 Rf4 19. Qxg4 Rxg4 20. Ke2 Rxe4+ 21. Kd3
Rg4 22. Rh2 Rf8 23. Ne2 Rf2 24. Rg1 Nf5 25. h5 Nd4 26. Nxd4 Rxd4+ 27. Ke3 Rxa2
28. h6+ Kg8 29. Rc1 Ra3+ 30. Kf2 Rf4+ 31. Kg1 Rb3 32. c5 dxc5 33. bxc5 Rd3 34.
d6 cxd6 35. cxd6 Rxd6 36. Rh3 Rf8 37. Rc7 Rdf6 38. Rxb7 Re8 39. Rc3 Rf7 40. Rb6
Ra7 41. Rcc6 a5 42. Ra6 Ree7 43. Rab6 Kf7 44. Rf6+ Ke8 45. Rb8+ Kd7 46. Rg8 a4
47. Rg7 a3 48. Rfxg6 hxg6 49. h7 Ra8 50. Rg8 Rxh7 51. Rxa8 Ke6 52. Rxa3 Rf7 53.
Kh2 Rf4 54. Kg3 Kf5 55. Ra6 Rg4+ 56. Kh3 Kf4 57. Ra4+ e4 58. Rxe4+ Kxe4 59.
Kxg4 Ke3 60. Kg5 Kf2 61. g4 Kf3 1/2-1/2

[Event "XV Open"]
[Site "Crema ITA"]
[Date "2013.09.01"]
[Round "5"]
[White "Carbone, Lorenzo"]
[Black "Fantina, Carla"]
[WhiteElo "1556"]
[BlackElo "1425"]
[Result "1/2-1/2"]
[PlyCount "20"]
[EventDate "2013.08.30"]

1. e4 d6 2. d4 Nf6 3. Bd3 g6 4. Nf3 Bg7 5. O-O O-O 6. Be3 h6 7. h3 Nbd7 8. Na3
Kh7 9. Nb5 a6 10. Nc3 c6 1/2-1/2

[Event "XV Open"]
[Site "Crema ITA"]
[Date "2013.09.01"]
[Round "5"]
[White "Cervini, Ernesto"]
[Black "Rosini, Luca Ungaro"]
[WhiteElo "1721"]
[BlackElo "1527"]
[Result "0-1"]
[PlyCount "70"]
[EventDate "2013.08.30"]

1. e4 d5 2. exd5 Qxd5 3. Nf3 Nf6 4. Be2 Bf5 5. c4 Qa5 6. Nc3 c6 7. d4 e6 8. a3
Bd6 9. b4 Qc7 10. c5 Be7 11. O-O O-O 12. Nh4 Nd5 13. Bb2 Nxc3 14. Bxc3 Bxh4 15.
g3 Bf6 16. f4 Be4 17. Bf3 Bd5 18. Re1 Nd7 19. Qd3 Rfe8 20. Bg4 g6 21. Re2 Bg7
22. Rae1 Nf6 23. Bf3 Qd7 24. g4 Kf8 25. g5 Ng8 26. Bg4 Ne7 27. h4 Nf5 28. h5
Rad8 29. hxg6 hxg6 30. Qh3 Bc4 31. Rh2 Bxd4+ 32. Bxd4 Qxd4+ 33. Kh1 Bd5+ 34.
Bf3 Bxf3+ 35. Qxf3 Ke7 0-1

[Event "XV Open"]
[Site "Crema ITA"]
[Date "2013.09.01"]
[Round "5"]
[White "Ciochetta, Giovanni"]
[Black "Alati, Alberto"]
[WhiteElo "1549"]
[BlackElo "1764"]
[Result "0-1"]
[PlyCount "100"]
[EventDate "2013.08.30"]

1. e4 d6 2. Nc3 Nf6 3. Nf3 g6 4. Bc4 Bg7 5. O-O O-O 6. Re1 c5 7. a3 a6 8. d3 b5
9. Bb3 Nc6 10. Bd2 Bd7 11. Qc1 Ng4 12. h3 Nge5 13. Nxe5 Nxe5 14. Bh6 Rc8 15.
Bxg7 Kxg7 16. f4 c4 17. Ba2 Nc6 18. dxc4 Nd4 19. Qd2 Qb6 20. Kh1 e6 21. Rad1 e5
22. fxe5 dxe5 23. cxb5 axb5 24. Bb1 Qb7 25. Qe3 b4 26. axb4 Qxb4 27. Ne2 Nxe2
28. Rxe2 Bb5 29. Red2 Ba6 30. c3 Qa5 31. Rd5 Qa4 32. Qd2 Bb7 33. Rd6 Bxe4 34.
Bxe4 Qxe4 35. Re1 Qf5 36. Rd5 f6 37. b4 Rc4 38. Rd7+ Rf7 39. Rxf7+ Kxf7 40.
Qd5+ Qe6 41. Qb7+ Qe7 42. Qf3 Qc7 43. Qd5+ Ke7 44. Qg8 Rxc3 45. Qxh7+ Ke6 46.
Qxg6 Qb7 47. Qg8+ Kd6 48. Rd1+ Kc6 49. Qd5+ Kc7 50. Qf7+ Kb6 0-1

[Event "XV Open"]
[Site "Crema ITA"]
[Date "2013.09.01"]
[Round "5"]
[White "Colombo, Luca"]
[Black "Poletto, Daniele"]
[WhiteElo "1879"]
[BlackElo "1744"]
[Result "0-1"]
[PlyCount "66"]
[EventDate "2013.08.30"]

1. e4 c5 2. Nc3 Nc6 3. g3 g6 4. d3 Bg7 5. Be3 d6 6. Bg2 e5 7. Qd2 Be6 8. Nge2
Qd7 9. O-O Nge7 10. f4 Nd4 11. fxe5 dxe5 12. Nd1 O-O 13. c3 Nxe2+ 14. Qxe2 b6
15. Nf2 Rad8 16. g4 h6 17. a4 a5 18. b4 axb4 19. cxb4 cxb4 20. Bxb6 Rb8 21. Bc5
b3 22. Qb2 Rfc8 23. Bxe7 Qxe7 24. Rfc1 Qa7 25. Rc3 Rxc3 26. Qxc3 Rc8 27. Qb4
Rc2 28. Rf1 b2 29. d4 exd4 30. Nd3 Bc4 31. Nxb2 Bxf1 32. Kxf1 Qa6+ 33. Kg1 Qe2
0-1

[Event "XV Open"]
[Site "Crema ITA"]
[Date "2013.09.01"]
[Round "5"]
[White "Colonetti, Fabio"]
[Black "Cordioli, Luca"]
[WhiteElo "1434"]
[BlackElo "1731"]
[Result "0-1"]
[PlyCount "98"]
[EventDate "2013.08.30"]

1. e4 c5 2. Nf3 d6 3. d4 cxd4 4. Nxd4 g6 5. Bb5+ Bd7 6. Bxd7+ Nxd7 7. O-O Bg7
8. Be3 Ngf6 9. f3 O-O 10. Nc3 Ne5 11. b3 Rc8 12. Nd5 Nxd5 13. exd5 Qa5 14. c4
Nd7 15. Qe1 Qa3 16. Qc1 Qa6 17. Qd2 Rfe8 18. Bh6 Bh8 19. f4 Qb6 20. Rad1 f5 21.
Kh1 Bxd4 22. Qxd4 Qxd4 23. Rxd4 Nf6 24. Bg5 Ne4 25. Re1 e6 26. dxe6 Rxe6 27.
Bh4 Rce8 28. Rdd1 h6 29. Rf1 Kh7 30. Be1 b6 31. g3 a5 32. Kg1 Kg7 33. Bf2 Rb8
34. Bd4+ Kf7 35. a4 Ree8 36. Kg2 Rb7 37. Rf3 Rd8 38. Bg1 Ke6 39. Rd5 Kd7 40.
Rfd3 Kc6 41. Bf2 Re8 42. Kf3 Re6 43. Be3 Rbe7 44. R5d4 Nc5 45. Rc3 Ne4 46. Rcd3
g5 47. Rd5 Rf6 48. R5d4 g4+ 49. Kg2 Nc5 0-1

[Event "XV Open"]
[Site "Crema ITA"]
[Date "2013.09.01"]
[Round "5"]
[White "Conti, Ferdinando"]
[Black "Guasconi, Lelio"]
[WhiteElo "1734"]
[BlackElo "1595"]
[Result "1/2-1/2"]
[PlyCount "115"]
[EventDate "2013.08.30"]

1. Nf3 Nf6 2. b4 e6 3. a3 b6 4. Bb2 Bb7 5. e3 d6 6. c4 c5 7. b5 Nbd7 8. Nc3 g6
9. Be2 Bg7 10. O-O O-O 11. Qc2 Qc7 12. h3 a6 13. a4 a5 14. d3 Rad8 15. Rad1
Rfe8 16. Rd2 Re7 17. Rfd1 Nf8 18. e4 e5 19. Bf1 Bc8 20. Re2 Ne6 21. Nb1 Nd4 22.
Bxd4 cxd4 23. Nbd2 Nd7 24. Nb3 Nc5 25. Kh1 Nxa4 26. Nbxd4 exd4 27. Qxa4 Rde8
28. Rde1 Bb7 29. Nd2 f5 30. exf5 Rxe2 31. Rxe2 Rxe2 32. Bxe2 Qd7 33. Qd1 Qxf5
34. Bf3 Bc8 35. Qe2 Qe5 36. Bd5+ Kh8 37. Ne4 h6 38. Qf3 Be6 39. Bc6 d5 40. cxd5
Bxd5 41. Qg4 Bxe4 42. Bxe4 Qf6 43. Qc8+ Kh7 44. Kg1 Qd6 45. Qb7 h5 46. f3 Kh6
47. Qf7 Qf6 48. Qd5 Bf8 49. g3 Bc5 50. Kg2 a4 51. h4 a3 52. f4 Kg7 53. Qd7+ Qe7
54. Qxe7+ Bxe7 55. Bd5 Kf6 56. Kf3 Kf5 57. Bc4 Bd6 58. Bd5 1/2-1/2

[Event "XV Open"]
[Site "Crema ITA"]
[Date "2013.09.01"]
[Round "5"]
[White "Corso, Gabriele"]
[Black "Botta, Massimiliano"]
[WhiteElo "1789"]
[BlackElo "1632"]
[Result "1-0"]
[PlyCount "83"]
[EventDate "2013.08.30"]

1. e4 c5 2. Nf3 d6 3. Bb5+ Bd7 4. Bxd7+ Nxd7 5. O-O Ngf6 6. Qe2 Qc7 7. Rd1 g6
8. c3 Bg7 9. d4 cxd4 10. cxd4 e6 11. Nc3 a6 12. h3 O-O 13. Be3 Rac8 14. Rac1
Qa5 15. Bd2 Qd8 16. Bg5 Qb6 17. e5 Nd5 18. Nxd5 exd5 19. Be7 dxe5 20. Bxf8 Rxf8
21. dxe5 Qe6 22. Nd4 Qxe5 23. Qxe5 Bxe5 24. Nf3 Bxb2 25. Rb1 Bg7 26. Rxd5 Nf6
27. Rd6 Ne4 28. Rdb6 Nc3 29. Re1 Nxa2 30. Rxb7 a5 31. Ra7 Bc3 32. Re2 Nb4 33.
Rxa5 Rc8 34. Ra7 Nd5 35. Rc2 Rd8 36. Rb7 h6 37. Rb5 Bb4 38. Rc4 Be7 39. Rd4 Nc7
40. Rxd8+ Bxd8 41. Rb8 Ne6 42. Nd4 1-0

[Event "XV Open"]
[Site "Crema ITA"]
[Date "2013.09.01"]
[Round "5"]
[White "Corti, Massimo"]
[Black "Biava, Pierluigi"]
[WhiteElo "2008"]
[BlackElo "1681"]
[Result "1-0"]
[PlyCount "56"]
[EventDate "2013.08.30"]

1. d4 Nf6 2. Nf3 d5 3. c4 e6 4. Nc3 Be7 5. Bf4 c6 6. e3 Nbd7 7. h3 h6 8. Bd3
dxc4 9. Bxc4 Nb6 10. Bb3 Nbd5 11. Nxd5 Nxd5 12. Bg3 Bb4+ 13. Kf1 O-O 14. e4 Ne7
15. Rc1 Kh8 16. h4 f6 17. h5 Bd6 18. e5 fxe5 19. dxe5 Bc7 20. Qe2 Nd5 21. Nh4
Rf7 22. Rd1 Bb6 23. Kg1 Qg5 24. Ng6+ Kg8 25. Rh3 Qd8 26. Bc2 Bd7 27. Qe4 Qg5
28. Nh4 Qxh4 1-0

[Event "XV Open"]
[Site "Crema ITA"]
[Date "2013.09.01"]
[Round "5"]
[White "Dragojlovic, Andjelko"]
[Black "Reale, Simone"]
[WhiteElo "2349"]
[BlackElo "1941"]
[Result "1-0"]
[PlyCount "77"]
[EventDate "2013.08.30"]

1. Nf3 Nf6 2. g3 d5 3. Bg2 c6 4. b3 Bf5 5. Bb2 Nbd7 6. O-O e6 7. d3 Bd6 8. Nbd2
e5 9. e4 Bg4 10. Qe1 Qe7 11. h3 Bxf3 12. Nxf3 O-O 13. a3 Rfe8 14. Qe2 a5 15. a4
Nc5 16. Nh4 Qc7 17. Nf5 d4 18. f4 Ne6 19. Nxd6 Qxd6 20. Qd2 Nd7 21. h4 f6 22.
Bh3 b5 23. Qf2 c5 24. axb5 Reb8 25. Bc1 Rxb5 26. Bd2 a4 27. bxa4 Rb2 28. Bc1
Rb4 29. a5 Rb5 30. Qe1 Nb8 31. fxe5 Qxe5 32. Rf5 Qd6 33. e5 fxe5 34. Rxe5 Nc7
35. Re8+ Kf7 36. Bf4 Qc6 37. Qe7+ Kg6 38. h5+ Kxh5 39. Qg5# 1-0

[Event "XV Open"]
[Site "Crema ITA"]
[Date "2013.09.01"]
[Round "5"]
[White "Fiammetti, Gianluca"]
[Black "Galli, Fabrizio"]
[WhiteElo "1467"]
[BlackElo "1455"]
[Result "1/2-1/2"]
[PlyCount "82"]
[EventDate "2013.08.30"]

1. c4 Nf6 2. Nc3 d6 3. g3 Bf5 4. d3 Nc6 5. Bg2 e5 6. e4 Bg4 7. f3 Be6 8. Nge2
Qd7 9. O-O Be7 10. b3 h5 11. Bg5 Nh7 12. Bxe7 Qxe7 13. Nd5 Qd7 14. d4 O-O-O 15.
dxe5 dxe5 16. Ndc3 Qe7 17. Qe1 h4 18. gxh4 Nf8 19. Nd5 Qd7 20. Rd1 Kb8 21. Qf2
Ng6 22. Ne3 Qe7 23. Rxd8+ Nxd8 24. Nd5 Qd7 25. Rd1 c6 26. Ne3 Qe7 27. Qg3 Qc5
28. Qf2 Nxh4 29. Ng4 Qe7 30. Nxe5 Rh6 31. Qg3 Qc5+ 32. Kf1 Kc8 33. Qxg7 Nxg2
34. Kxg2 Bh3+ 35. Kg3 Rh5 36. Nf4 Rxe5 37. Nxh3 Qe7 38. Qg4+ Ne6 39. Qg8+ Nd8
40. Qg4+ Ne6 41. Qg8+ Nd8 1/2-1/2

[Event "XV Open"]
[Site "Crema ITA"]
[Date "2013.09.01"]
[Round "5"]
[White "Folcini, Gaddo"]
[Black "Vecchio, Paolo L."]
[WhiteElo "1558"]
[BlackElo "1435"]
[Result "1-0"]
[PlyCount "67"]
[EventDate "2013.08.30"]

1. e4 c6 2. d4 d5 3. e5 e6 4. Qg4 f6 5. Nf3 g6 6. Bd3 f5 7. Qg3 Bh6 8. Nc3 Bxc1
9. Rxc1 Qe7 10. O-O Nh6 11. Ne2 Nf7 12. c4 Nd7 13. cxd5 cxd5 14. Rc7 a6 15.
Rfc1 O-O 16. Nf4 Nh8 17. Ng5 Qe8 18. Nfxe6 Rf7 19. Nxf7 Nxf7 20. Bxf5 Nf8 21.
Bxg6 Nxg6 22. Nf4 Bf5 23. Nxd5 Kh8 24. Nf6 Qf8 25. Qf3 Qh6 26. Qxf5 Rf8 27. g3
b5 28. R1c6 Qg7 29. Nh5 Nh6 30. Qe4 Qg8 31. Nf6 Rxf6 32. exf6 Qxa2 33. Rc8+ Ng8
34. R6c7 1-0

[Event "XV Open"]
[Site "Crema ITA"]
[Date "2013.09.01"]
[Round "5"]
[White "Gerundino, Nicola"]
[Black "Bongiorni, Gabriele"]
[WhiteElo "1965"]
[BlackElo "1806"]
[Result "1-0"]
[PlyCount "95"]
[EventDate "2013.08.30"]

1. e4 c5 2. Nf3 d6 3. d4 cxd4 4. Qxd4 Nc6 5. Bb5 Bd7 6. Bxc6 bxc6 7. c4 Qb6 8.
Be3 Qxd4 9. Bxd4 e5 10. Bc3 f5 11. Nbd2 Nf6 12. exf5 Bxf5 13. O-O Be7 14. Rfe1
O-O 15. Nxe5 dxe5 16. Rxe5 Nd5 17. cxd5 Bd6 18. Ree1 cxd5 19. Nf3 Be4 20. Ng5
Bc5 21. Nxe4 dxe4 22. Re2 Rad8 23. g3 Rd3 24. Kg2 Rdf3 25. Be1 e3 26. fxe3 Bxe3
27. Rd1 Bb6 28. Rd7 R3f7 29. Rxf7 Kxf7 30. Bf2 Rc8 31. Bxb6 axb6 32. Kf2 h6 33.
Ke1 Rc6 34. Kd2 Kf6 35. Kd3 Kf5 36. a4 Kg4 37. b4 g5 38. b5 Rd6+ 39. Kc4 Kf3
40. Rb2 Ke3 41. a5 Rd4+ 42. Kb3 bxa5 43. Kc3 a4 44. b6 a3 45. Rb3 Ra4 46. b7 a2
47. Kb2+ Kf2 48. Ka1 1-0

[Event "XV Open"]
[Site "Crema ITA"]
[Date "2013.09.01"]
[Round "5"]
[White "Giassi, Roberto"]
[Black "Tedoldi, Guido"]
[WhiteElo "1470"]
[BlackElo "1597"]
[Result "1/2-1/2"]
[PlyCount "66"]
[EventDate "2013.08.30"]

1. e4 c5 2. Nf3 Nc6 3. d4 cxd4 4. Nxd4 e5 5. Nxc6 bxc6 6. Bc4 Nf6 7. Bg5 Rb8 8.
b3 Bb4+ 9. c3 Be7 10. O-O d6 11. h3 O-O 12. Qf3 Bb7 13. Rd1 Ne8 14. Bxe7 Qxe7
15. Nd2 Nf6 16. Nf1 Rbd8 17. Ne3 g6 18. Rd2 d5 19. exd5 e4 20. Qd1 cxd5 21.
Bxd5 Nxd5 22. Nxd5 Qe5 23. c4 Rd6 24. f4 Qe8 25. Re2 Bxd5 26. cxd5 f5 27. Qd4
Qd7 28. a4 Rxd5 29. Qb4 Rd1+ 30. Rxd1 Qxd1+ 31. Re1 Qd7 32. Qc4+ Qf7 33. Qc3
Rd8 1/2-1/2

[Event "XV Open"]
[Site "Crema ITA"]
[Date "2013.09.01"]
[Round "5"]
[White "Gobbo, Francesco"]
[Black "Aleksic, Nenad"]
[WhiteElo "1967"]
[BlackElo "2357"]
[Result "0-1"]
[PlyCount "62"]
[EventDate "2013.08.30"]

1. d4 Nf6 2. c4 e6 3. Nf3 b6 4. e3 Bb7 5. Bd3 c5 6. O-O g6 7. Nc3 Bg7 8. d5
exd5 9. Nxd5 Nxd5 10. cxd5 Bxd5 11. Bxg6 hxg6 12. Qxd5 Nc6 13. Rd1 Qe7 14. a3
Qe6 15. Rb1 Rh5 16. Qxe6+ fxe6 17. e4 Nd4 18. Nxd4 Bxd4 19. Bf4 d5 20. exd5
exd5 21. b4 Rf5 22. Be3 Bxe3 23. fxe3 Rc8 24. bxc5 Rxc5 25. Rbc1 Ke7 26. g4 Re5
27. Kf2 g5 28. Ke2 d4 29. Rxc5 Rxe3+ 30. Kd2 bxc5 31. Rc1 Kd6 0-1

[Event "XV Open"]
[Site "Crema ITA"]
[Date "2013.09.01"]
[Round "5"]
[White "Gorini, Michele"]
[Black "Menato, Nazario"]
[WhiteElo "1394"]
[BlackElo "1542"]
[Result "1-0"]
[PlyCount "87"]
[EventDate "2013.08.30"]

1. Nf3 Nf6 2. g3 g6 3. Bg2 Bg7 4. d4 d5 5. O-O O-O 6. Nc3 c6 7. Bd2 Bf5 8. e3
Nbd7 9. Qc1 Re8 10. Ne2 Ne4 11. Nh4 Nxd2 12. Qxd2 Be6 13. Nf4 Nf8 14. Nxe6 Nxe6
15. Nf3 Bh6 16. Qe2 Bg7 17. Rad1 Qc7 18. c4 Rad8 19. cxd5 Rxd5 20. Ne5 Nxd4 21.
exd4 Rdd8 22. Rd3 f6 23. Nf3 Rd6 24. Re1 Kf8 25. Qc2 Qa5 26. Ra3 Qb6 27. Re4
Red8 28. Rae3 e5 29. dxe5 Rd1+ 30. Re1 R1d3 31. e6 Ke7 32. R4e2 Bh6 33. h4 R3d5
34. Nh2 Rc5 35. Qb1 f5 36. Rd1 f4 37. Rxd8 fxg3 38. Rd7+ Ke8 39. Ng4 Rc1+ 40.
Qxc1 Bxc1 41. Nf6+ Kf8 42. e7+ Kg7 43. e8=Q+ Kh6 44. Qf8# 1-0

[Event "XV Open"]
[Site "Crema ITA"]
[Date "2013.09.01"]
[Round "5"]
[White "Impellizzeri, Francesco"]
[Black "Agnelli, Francesco"]
[WhiteElo "1872"]
[BlackElo "2035"]
[Result "0-1"]
[PlyCount "88"]
[EventDate "2013.08.30"]

1. c4 Nf6 2. Nf3 g6 3. g3 Bg7 4. Bg2 d6 5. Nc3 O-O 6. O-O Nc6 7. Rb1 a5 8. d3
e5 9. Bg5 h6 10. Bd2 Re8 11. Ne1 Nd4 12. e3 Ne6 13. Nf3 Nc5 14. Qc2 Bf5 15. e4
Bg4 16. h3 Be6 17. b3 Qd7 18. Kh2 Nh5 19. Ng1 f5 20. f4 exf4 21. gxf4 g5 22.
Nce2 Qe7 23. Rbe1 fxe4 24. dxe4 gxf4 25. Nxf4 Be5 26. Kh1 Ng3+ 27. Kh2 Nxf1+
28. Rxf1 Rf8 29. Kh1 Bxf4 30. Bxf4 Qh4 31. Qd2 Rf6 32. Kh2 Raf8 33. Bg3 Qh5 34.
Rxf6 Rxf6 35. Qxa5 b6 36. Qa8+ Rf8 37. Qc6 Qf7 38. e5 dxe5 39. Bxe5 Rd8 40. Bg3
Nd3 41. Nf3 Nf4 42. Ne5 Qf5 43. Bxf4 Qxf4+ 44. Kg1 Qxe5 0-1

[Event "XV Open"]
[Site "Crema ITA"]
[Date "2013.09.01"]
[Round "5"]
[White "Losi, Paolo"]
[Black "Sartorio, Diego"]
[WhiteElo "1728"]
[BlackElo "1896"]
[Result "1-0"]
[PlyCount "79"]
[EventDate "2013.08.30"]

1. d4 d5 2. Nf3 c6 3. c4 e6 4. Nc3 dxc4 5. a4 Bb4 6. Bd2 a5 7. e3 b5 8. Ne5 Nf6
9. Qf3 Bxc3 10. bxc3 Qd5 11. Be2 O-O 12. Qh3 Ra7 13. Bf3 Qd6 14. O-O Nfd7 15.
Be4 f5 16. Nxd7 Nxd7 17. Bf3 b4 18. Rfb1 b3 19. Rb2 Nb6 20. e4 Bd7 21. Bg5 c5
22. e5 Qc7 23. Be7 cxd4 24. Bxf8 dxc3 25. Re2 b2 26. Rb1 Nxa4 27. Bd6 Qc8 28.
g4 fxg4 29. Qxg4 Nc5 30. Qxc4 Na4 31. Qb3 Qe8 32. Re4 Bc6 33. Rf4 Qg6+ 34. Kf1
Qxb1+ 35. Bd1 Qd3+ 36. Kg1 Qg6+ 37. Kf1 Qg2+ 38. Ke2 Ra8 39. Qxe6+ Kh8 40. Qb3
1-0

[Event "XV Open"]
[Site "Crema ITA"]
[Date "2013.09.01"]
[Round "5"]
[White "Madaschi, Sergio"]
[Black "Ferrari, Paolo"]
[WhiteElo "1493"]
[BlackElo "1700"]
[Result "1-0"]
[PlyCount "65"]
[EventDate "2013.08.30"]

1. e4 c5 2. Nf3 d6 3. d4 cxd4 4. Nxd4 Nf6 5. Nc3 g6 6. Be3 Bg7 7. f3 O-O 8. Bc4
Nc6 9. Qd2 Bd7 10. O-O-O Qa5 11. Kb1 Ne5 12. Bb3 Rfc8 13. Nd5 Qxd2 14. Nxe7+
Kf8 15. Nxg6+ hxg6 16. Rxd2 Nc4 17. Bxc4 Rxc4 18. Ne2 Ne8 19. Bf4 Rac8 20. Rhd1
Be6 21. c3 Be5 22. Bxe5 dxe5 23. g4 b5 24. b3 R4c7 25. h4 a5 26. Kb2 Nf6 27.
Rh1 Nd7 28. h5 gxh5 29. gxh5 Nb6 30. h6 f6 31. Rd6 Rc6 32. Rxc6 Re8 33. Rxe6
1-0

[Event "XV Open"]
[Site "Crema ITA"]
[Date "2013.09.01"]
[Round "5"]
[White "Maffeis, Fabio"]
[Black "Marzatico, Luca"]
[WhiteElo "1446"]
[BlackElo "1713"]
[Result "1-0"]
[PlyCount "119"]
[EventDate "2013.08.30"]

1. d4 c6 2. c4 d5 3. Nc3 e6 4. Nf3 Nf6 5. Bg5 Be7 6. e3 Nbd7 7. Bd3 h6 8. Bh4
dxc4 9. Bxc4 b5 10. Bd3 O-O 11. Qc2 Bb7 12. O-O Rc8 13. Qd2 a6 14. Rac1 Nd5 15.
Bxe7 Qxe7 16. Nxd5 cxd5 17. Rxc8 Rxc8 18. Rc1 Nb6 19. Rxc8+ Bxc8 20. Qc2 Bb7
21. Qc5 Qd8 22. Kf1 Na4 23. Qc2 Qd6 24. b3 Nb6 25. Qc5 Nc8 26. Ke1 Qd8 27. Kd1
Nd6 28. Nd2 f5 29. Nf3 Nf7 30. Ne5 Nxe5 31. dxe5 Kf7 32. a3 Qd7 33. g3 g5 34.
f4 gxf4 35. exf4 Qc6 36. Qxc6 Bxc6 37. Kc2 Ke7 38. Kc3 Kd8 39. Kd4 Kc7 40. Kc5
Bb7 41. Be2 Bc8 42. a4 bxa4 43. bxa4 Bd7 44. Kb4 Bc8 45. Kc5 Bb7 46. g4 fxg4
47. Bxg4 Bc8 48. a5 Bd7 49. Be2 Bc8 50. Bd1 Bd7 51. Bc2 Bc8 52. Ba4 Bb7 53. Bc2
Bc8 54. Bd3 Bb7 55. f5 exf5 56. Bxf5 Bc6 57. Bg4 Be8 58. Kxd5 h5 59. Be2 Kb7
60. Kd6 1-0

[Event "XV Open"]
[Site "Crema ITA"]
[Date "2013.09.01"]
[Round "5"]
[White "Marchesotti, Giovanni"]
[Black "Frignani, Alessandro"]
[WhiteElo "1540"]
[BlackElo "1387"]
[Result "1-0"]
[PlyCount "101"]
[EventDate "2013.08.30"]

1. b3 e5 2. Bb2 f6 3. c4 c5 4. e3 Nc6 5. Nf3 b6 6. Be2 Bb7 7. d3 Nh6 8. Nc3 Ne7
9. Qc2 d5 10. Rd1 d4 11. exd4 exd4 12. Nb1 Qc7 13. O-O O-O-O 14. Ne1 g5 15. Bf3
Bg7 16. Bxb7+ Kxb7 17. Nd2 Ng4 18. Nef3 Ne5 19. Nxe5 fxe5 20. Ne4 h6 21. Qd2
Nf5 22. b4 Bf8 23. bxc5 Bxc5 24. Nxc5+ Qxc5 25. Ra1 Qc6 26. Qe2 Rde8 27. a4 Nh4
28. f3 Nf5 29. Bc1 a5 30. Qe4 Qxe4 31. fxe4 Nd6 32. Ba3 Nc8 33. Rf7+ Ka6 34.
Raf1 Na7 35. R1f6 Rc8 36. c5 Rc6 37. Rxa7+ Kxa7 38. Rxc6 bxc5 39. Rxc5 Re8 40.
Rxa5+ Kb6 41. Rb5+ Ka6 42. Bd6 Rc8 43. Bxe5 Rc3 44. Bxd4 Rxd3 45. Rd5 Ra3 46.
Rd6+ Ka5 47. Rxh6 Rxa4 48. Bc3+ Kb5 49. Rg6 Rc4 50. Rxg5+ Ka4 51. Rc5 1-0

[Event "XV Open"]
[Site "Crema ITA"]
[Date "2013.09.01"]
[Round "5"]
[White "Molinelli, Luigi"]
[Black "Gonella, Graziano"]
[WhiteElo "1236"]
[BlackElo "1183"]
[Result "1-0"]
[PlyCount "47"]
[EventDate "2013.08.30"]

1. d4 Nf6 2. Nf3 d5 3. e3 Nbd7 4. Bd3 c5 5. c3 c4 6. Bc2 g6 7. Nbd2 Bg7 8. O-O
O-O 9. e4 dxe4 10. Nxe4 Nxe4 11. Bxe4 Nf6 12. Bc2 Nd5 13. Re1 e6 14. a4 b6 15.
Bd2 Bb7 16. Qe2 Rc8 17. Ne5 Ba6 18. Ng4 Re8 19. Nh6+ Kf8 20. Qf3 Qf6 21. Qg3
Qd8 22. Bf4 Nxf4 23. Qxf4 g5 24. Qxf7# 1-0

[Event "XV Open"]
[Site "Crema ITA"]
[Date "2013.09.01"]
[Round "5"]
[White "Mussap, Angelo"]
[Black "Bonade', Massimo"]
[WhiteElo "2053"]
[BlackElo "2100"]
[Result "1-0"]
[PlyCount "52"]
[EventDate "2013.08.30"]

1. e4 c5 2. Nf3 d6 3. d4 cxd4 4. Nxd4 Nf6 5. Nc3 a6 6. Be2 e6 7. Be3 Be7 8. Qd2
O-O 9. f4 Nc6 10. O-O Qc7 11. Nxc6 bxc6 12. Qe1 d5 13. e5 Nd7 14. Qg3 f5 15.
exf6 Nxf6 16. Bd4 c5 17. Be5 Bd6 18. Bf3 Rb8 19. Rae1 d4 20. Ne4 Nxe4 21. Bxe4
Rxb2 22. Qh3 h6 23. Qg4 Rf5 24. Qg6 Bxe5 25. Bxf5 exf5 26. Rxe5 Qxe5 1-0

[Event "XV Open"]
[Site "Crema ITA"]
[Date "2013.09.01"]
[Round "5"]
[White "Nordio, Giorgio"]
[Black "De Paoli, Emilio"]
[WhiteElo "1666"]
[BlackElo "1839"]
[Result "1/2-1/2"]
[PlyCount "115"]
[EventDate "2013.08.30"]

1. c4 Nf6 2. g3 d5 3. Bg2 g6 4. cxd5 Nxd5 5. Nc3 Nb6 6. Nf3 Bg7 7. O-O O-O 8.
d3 Nc6 9. Be3 e5 10. Qd2 Re8 11. Bh6 Bh8 12. Ne4 Be6 13. h4 Bd5 14. Nh2 f5 15.
Bg5 Qd7 16. Nf6+ Bxf6 17. Bxf6 Bxg2 18. Kxg2 Nd5 19. Bg5 Nd4 20. Rh1 Qc6 21. f3
Ne6 22. e4 Ne7 23. Rae1 Nxg5 24. hxg5 Qb5 25. exf5 gxf5 26. d4 Rad8 27. Qc3 Nd5
28. a4 Nxc3 29. axb5 Nxb5 30. Rxe5 Rxe5 31. dxe5 Rd2+ 32. Kh3 Rxb2 33. f4 Nd4
34. g4 Rb3+ 35. Kh4 Nf3+ 36. Nxf3 Rxf3 37. Rc1 c6 38. Rd1 Rxf4 39. Rd8+ Kf7 40.
Rd7+ Ke6 41. Rxb7 Rxg4+ 42. Kh5 Rg1 43. Rxh7 Rh1+ 44. Kg6 Ra1 45. Kh6 Kxe5 46.
g6 Rh1+ 47. Kg7 Rd1 48. Kf7 f4 49. g7 Rd7+ 50. Ke8 Rb7 51. g8=Q Rb8+ 52. Kf7
Rxg8 53. Kxg8 c5 54. Rxa7 f3 55. Re7+ Kd4 56. Rd7+ Ke3 57. Re7+ Kd3 58. Rd7+
1/2-1/2